000 00298nam a22001337a 4500
008 180927b xxu||||| |||| 00| 0 eng d
020 _a9780815127796
041 _aeng
080 _25th
_a610.73
100 _a1
101 _aINF
245 _aThe effective nurse
_cDouglass,L.M
942 _2udc
_cBK
999 _c48603
_d48603